00421nam a22001697a 4500003000400000020001800004082001400022100001800036245005500054250000800109260003300117300000800150650001300158653005100171942001200222999001700234SGT a9789354659843 a617bB23S aSAXENA, RICHA aBESIDE OBSTETRICS AND GYNECOLOGY FOR POSTGRADUATES a3RD aNEW DELHIbJAYPEE PUB.c2023 a832 aAYURVEDA aBESIDE, OBSTETRICS, GYNECOLOGY, POSTGRADUATES 2ddccBK c34714d34714